| 000 | 00604nam a22001817a 4500 | ||
|---|---|---|---|
| 003 | UA-OsUOA | ||
| 001 | 15031 | ||
| 007 | ta | ||
| 008 | 20031028b un ||||| |||| 00| 0 ukr d | ||
| 100 | _aКолодяжний М. | ||
| 942 | _cSA | ||
| 040 |
_aUA-OsUOA _cUA-OsUOA _dUA-OsUOA |
||
| 245 | _aГоловний аргумент [селян. фермер. госп-ва "Бджілка" з с.Владиславівка Млинів. р-ну] | ||
| 300 | _aС.2 | ||
| 955 | _a0 | ||
| 773 | 0 |
_w0 _tВісті Рівненщини _dРівне _d2003 _g№57/58/11 лип./ |
|
| 650 | 7 |
_aБджілка _2UDC |
|
| 999 |
_c301196 _d301196 |
||